Entry Nombre personal
001 - NÚMERO DE CONTROL
- campo de control: 47305
003 - IDENTIFICADOR DE NÚMERO DE CONTROL
- campo de control: SpMaBN
005 - FECHA Y HORA DE LA ÚLTIMA TRANSACCIÓN
- campo de control: 20231213200233.0
008 - ELEMENTOS DE DATO DE LONGITUD-FIJA
- campo de control de longitud fija: 960922nn ainnnaabn n aac
016 ## - NÚMERO DE CONTROL DE UNA AGENCIA BIBLIOGRÁFICA NACIONAL
- Número de control del registro: BNE19998791218
040 ## - FUENTE DE CATALOGACIÓN
- Centro catalogador/agencia de origen: SpMaBN
- Lengua de catalogación: spa
- Centro/agencia transcriptor: CDM
100 1# - ENCABEZAMIENTO-NOMBRE DE PERSONA
- Nombre de persona: Entenza de Solare, Beatriz Elena
373 ## - GRUPO ASOCIADO
- Grupo asociado: Ateneo de Madrid
- Fuente de información: Olmos, Víctor. Ágora de la libertad: historia del Ateneo de Madrid (2018-2019)
375 ## - GÉNERO/SEXO
- Género: Femenino
678 ## - DATOS BIOGRÁFICOS O HISTÓRICOS
- Datos biográficos o históricos: Socia del Ateneo de Madrid. Secretaria segunda del Ateneo en 1995-97
- Ampliación de la nota: Fuente: Olmos, Víctor. Ágora de la libertad: historia del Ateneo de Madrid (2018-2019)
